2 prénoms pour trouver un nom célèbre - Statistiques

Statistiques générales
  • Ce quiz a été pris 793 fois
  • Le résultat moyen est 16 sur 30
Statistiques - réponses
Prénoms Réponse % Correct
Marie Curie
88%
Jonathan Swift
87%
Serena Williams
87%
LeBron James
82%
James Monroe
80%
Lance Armstrong
79%
Florent Manaudou
78%
Alexandra Lamy
76%
Dakota Johnson
75%
Bradley Cooper
71%
Harrison Ford
71%
Grichka Bogdanoff
62%
Maggie Smith
62%
Francis Ford Coppola
60%
Franklin Delano Roosevelt
59%
Michael Jackson
57%
Georges Perec
56%
Il-sung Kim
54%
Bob Lennon
47%
Chantal Goya
43%
Auguste Renoir
43%
Kirk Douglas
42%
Karl Marx
42%
Charlotte Brontë
30%
Andy Murray
30%
Henri Rousseau
27%
Ingmar Bergman
26%
Charles Leclerc
17%
Jacques Audiard
7%
Francis Bacon
4%
Aucun quiz correspondant
Distribution des résultats
% des personnes avec chaque résultat
Percentile par nombre de réponses
Votre historique - résultats
Vous n’avez pas pris ce quiz